000
00346 a2200145 4500
999
_c
11351
_d
11351
003
OSt
005
20230320193803.0
008
230320b ||||| |||| 00| 0 eng d
020
_a
9781444632187
082
_a
576.8
_b
THO
100
_a
Patrick geddes, John Arthur Thomson
245
_a
Evolution
260
_b
Williams and Norgate
942
_2
ddc